He-Man and the Masters of the Universe - Complete the Opening Intro - Statistics

General Stats
  • This quiz has been taken 177 times
  • The average score is 15 of 20
Answers on the Map
Answers color-coded by a green-red scale on the quiz's map according to % correct below.
 
Answer Stats
Answer % Correct
He-Man
95%
the
91%
I
90%
Power
90%
Skeletor
89%
have
87%
Grayskull
85%
of
84%
sword
83%
Adam
80%
By
80%
Castle
80%
cat
74%
battle
71%
Eternia
66%
Man-at-Arms
64%
Cringer
61%
magic
61%
Orko
58%
Sorceress
56%
No matching quizzes found
Score Distribution
Percent of People with Each Score
Percentile by Number Answered
Your Score History
You have not taken this quiz